Loading...
| Other Academic | 2 | 4 | 0 | 1 | 70 | 17 | 79.17 | 2 | 5 | 0.00 | 0.00 |
| Fine Arts - Other | 0 | 7 | 0 | 3 | 70 | 96 | 142.00 | 1 | 2 | 0.00 | 0.00 |
| History - World | 2 | 3 | 2 | 1 | 50 | 48 | 96.60 | 0 | 2 | 0.00 | 0.00 |
| Current Events | 1 | 3 | 0 | 0 | 45 | 35 | 67.75 | 1 | 2 | 0.00 | 0.00 |
| Social Science | 1 | 3 | 0 | 1 | 45 | 30 | 94.75 | 2 | 2 | 0.00 | 0.00 |
| Religion | 0 | 3 | 1 | 1 | 25 | 112 | 122.33 | 0 | 1 | 0.00 | 0.00 |
| Mythology | 0 | 2 | 0 | 1 | 20 | 133 | 140.50 | 0 | 0 | 0.00 | 0.00 |
| Fine Arts - Classical Music | 0 | 2 | 0 | 1 | 20 | 81 | 120.50 | 0 | 0 | 0.00 | 0.00 |
| Philosophy | 0 | 2 | 1 | 0 | 15 | 101 | 121.00 | 0 | 0 | 0.00 | 0.00 |
| History - Other | 1 | 0 | 0 | 0 | 15 | 46 | 46.00 | 0 | 1 | 0.00 | 0.00 |
| Geography | 1 | 0 | 0 | 0 | 15 | 40 | 40.00 | 0 | 1 | 0.00 | 0.00 |
| Literature - Poetry | 0 | 1 | 0 | 0 | 10 | 114 | 114.00 | 1 | 1 | 0.00 | 0.00 |
| Literature - Drama | 0 | 1 | 0 | 0 | 10 | 128 | 128.00 | 0 | 0 | 0.00 | 0.00 |
| Literature - Misc | 0 | 1 | 0 | 0 | 10 | 106 | 106.00 | 1 | 1 | 0.00 | 0.00 |
| History - American | 1 | 0 | 3 | 0 | 0 | 68 | 68.00 | 0 | 1 | 0.00 | 0.00 |
| Science - Biology | 0 | 0 | 0 | 0 | 0 | 0.00 | 0 | 0 | 0.00 | 0.00 | |
| Literature - Long Fiction | 0 | 0 | 1 | 0 | -5 | 0.00 | 0 | 0 | 0.00 | 0.00 | |
| Fine Arts - Painting and Sculpture | 0 | 0 | 1 | 0 | -5 | 0.00 | 0 | 0 | 0.00 | 0.00 |